| 000 | 00999nam a2200241 u 4500 | ||
|---|---|---|---|
| 001 | 000378658 | ||
| 003 | AM-YeHGA | ||
| 005 | 20250618072312.0 | ||
| 008 | 041108s1982 ai r 000 0 arm d | ||
| 040 | _aAM-YeHGA | ||
| 041 | 0 | _aarm | |
| 100 | 1 |
_aԳրիգորյան, Քնարիկ Գևորգի, _d1920-1999 _99049 |
|
| 245 | 1 | 0 |
_aՀակոբ Ոսկանյան : _b[Անվանի դիրիժորի ստեղծագործական գործունեությունը] / _cՔ.Գ. Գրիգորյան; Խմբ.՝ Մ.Մ. Մուրադյան; Հայկ. թատեր. ընկ. |
| 260 |
_aԵրևան : _bԱ. հ., _c1982. |
||
| 300 |
_a88 էջ : _bնկ. ; _c16 սմ. |
||
| 504 | _aՑանկեր՝ էջ 64-86 | ||
| 600 | 1 | 4 | _aՈսկանյան, Հակոբ |
| 650 | 1 | 4 |
_aԵրաժշտագիտություն _zՀայաստան |
| 653 | 0 | _aՀայ խմբավարներ | |
| 700 | 1 |
_aՄուրադյան, Մ.Մ. _eխմբ. _4edt |
|
| 710 | 2 |
_aՀայկական թատերական ընկերություն _95398 |
|
| 090 | _c146144 | ||
| 999 |
_c144760 _d144760 |
||